Microstrip and Printed Antenna Design (Record no. 6647)

MARC details
000 -LEADER
fixed length control field 00300nam a2200121Ia 4500
008 - FIXED-LENGTH DATA ELEMENTS--GENERAL INFORMATION
fixed length control field 191201s2006 xx 000 0 und d
100 ## - MAIN ENTRY--PERSONAL NAME
Personal name BANCROFT, Randy
245 #0 - TITLE STATEMENT
Title Microstrip and Printed Antenna Design
260 ## - PUBLICATION, DISTRIBUTION, ETC. (IMPRINT)
Place of publication, distribution, etc N. Delhi
Name of publisher, distributor, etc PHI
Date of publication, distribution, etc 2006
300 ## - PHYSICAL DESCRIPTION
Extent 250
650 ## - SUBJECT ADDED ENTRY--TOPICAL TERM
Topical term or geographic name as entry element B.Tech(ECE)
942 ## - ADDED ENTRY ELEMENTS (KOHA)
Source of classification or shelving scheme Dewey Decimal Classification
Koha item type Text Books
Holdings
Withdrawn status Lost status Source of classification or shelving scheme Damaged status Not for loan Collection code Home library Current library Date acquired Source of acquisition Cost, normal purchase price Bill Number Total Checkouts Full call number Acc. no. / Barcode Date last seen Actual Cost, discounted price Bill Date Koha item type Date last borrowed
    Dewey Decimal Classification     B.Tech(ECE) PIET C-LIBRARY PIET C-LIBRARY 21/06/2016 PHI 195.00 TCM/2016/10403   621.3841 BAM 29115 04/12/2019 122.44 13/06/2016 Text Books  
    Dewey Decimal Classification     B.Tech(ECE) PIET C-LIBRARY PIET C-LIBRARY 21/06/2016 PHI 195.00 TCM/2016/10403 1 621.3841 BAM 29116 22/11/2022 122.44 13/06/2016 Text Books 25/05/2022
    Dewey Decimal Classification     B.Tech(ECE) PIET C-LIBRARY PIET C-LIBRARY 21/06/2016 PHI 195.00 TCM/2016/10403   621.3841 BAM 29117 04/12/2019 122.44 13/06/2016 Text Books  

Design & Developed by: PIET Central Library
R70 Miles Stone Pattikalyana Samalkha Panipat 132102
mail ID :- [email protected], Phone No:- 0180-2569700 Ex.216